000
00211 a2200097 4500
001
11894
100
_a
Ferguson,J
245
_a
Aonerican Federal Government
260
_a
_b
MC Graw Hill
_c
090
_c
9149
_d
9149
942
_a
NUST-CAE
_c
M
_c
35988
999
_c
246967
_d
246967